FOREST tree improvement

Bibliographic Details
Corporate Author: Food and Agriculture Organization of the United Nations (FAO)
Format: Book
Published: Rome : Food and Agriculture Organization of the United Nations , 1985
Series:FAO forestry paper ; 20
Subjects:

MARC

LEADER 00000cam a2200000 7i4500
001 0000000989
005 20140321.0
020 0 0 |a 9251009430 
090 0 0 |a FAO634.956   |b FOR 1985 
245 0 0 |a FOREST tree improvement   |c Report on the FAO/DANIDA Training Course on Forest Tree Improvement, Merida, Venezuela, January - February 1980 
260 0 0 |a Rome :   |b Food and Agriculture Organization of the United Nations ,   |c 1985 
300 |a vii, 271 p. ;   |c 30 cm. 
440 0 0 |a FAO forestry paper ; 20 
500 0 0 |a Bibliography: [p. 299-270] 
650 0 0 |a Forest genetics 
650 0 0 |a Trees   |x Breeding 
710 1 1 |a Food and Agriculture Organization of the United Nations (FAO) 
998 |a JPSM 
999 |a 0000002149   |b Monograph   |c Food and Agriculture Organization   |e Default branch 
999 |a 0000002193   |b Monograph   |c Food and Agriculture Organization   |e Default branch